[Event "BIH-chT Seniors"]
[Site "Mosko"]
[Date "2015.08.10"]
[Round "1"]
[White "Djeric, Nenad"]
[Black "Bakic, Dragan1111"]
[Result "0-1"]
[WhiteElo "2075"]
[BlackElo "1950"]
[PlyCount "114"]
[EventDate "2015.08.10"]
[EventType "team-tourn"]
[EventRounds "9"]
[EventCountry "BIH"]
[SourceTitle "EXT 2016"]
[Source "ChessBase"]
[SourceDate "2015.10.08"]
[SourceVersion "1"]
[SourceVersionDate "2015.10.08"]
[SourceQuality "1"]

1. d4 Nf6 2. c4 d6 3. Nf3 g6 4. Nc3 Bg7 5. e4 Nbd7 6. Bd3 e5 7. d5 Nc5 8. Bc2 a5 9. Be3 b6 10. Bg5 h6 11. Bxf6 Bxf6 12. 0-0 0-0 13. h3 Bg7 14. Nh2 Qg5 15. Qc1 f5 16. Qxg5 hxg5 17. f3 Bd7 18. Rfe1 Bf6 19. Ne2 Kg7 20. Ng3 Be7 21. Nhf1 Kf6 22. exf5 gxf5 23. Nh5+ Kg6 24. g4 Kh6 25. Nfg3 f4 26. Ne2 Bd8 27. Nc3 Be8 28. a3 a4 29. Nd1 Bg6 30. Re2 Ra5 31. Bxg6 Kxg6 32. Nc3 Nb3 33. Rd1 Nd4 34. Rxd4 exd4 35. Nb5 d3 36. Rd2 Re8 37. Nd4 Rc5 38. Ne6 Rxc4 39. Rxd3 Bf6 40. Nxf6 Kxf6 41. Nd4 Re1+ 42. Kg2 Rb1 43. Rd2 Rcc1 44. Ne2 Rd1 45. Rc2 Ke5 46. Kf2 Rf1+ 47. Kg2 Rfd1 48. Kf2 Rd3 49. Nc3 Rxb2 50. Rxb2 Rxc3 51. Rb4 Rxa3 52. Rc4 b5 53. Rxc7 b4 54. Rg7 b3 55. Rxg5+ Kd4 56. Rg8 b2 57. Rb8 Rb3 0-1